Der Schweizerische Bundesrat - Statistics

General Stats
  • This quiz has been taken 89 times
  • The average score is 6 of 7
Answer Stats
Hint Answer % Correct
5 Albert Rösti
90%
3 Guy Parmelin
88%
1 Karin Keller-Sutter
86%
7 Beat Jans
80%
4 Ignazio Cassis
80%
6 Elisabeth Baume-Schneider
68%
2 Martin Pfister
62%
No matching quizzes found
Score Distribution
Percent of People with Each Score
Percentile by Number Answered
Your Score History
You have not taken this quiz